banner

Observar las prácticas educativas / (Registro nro. 1593)

000 -LEADER
fixed length control field 01266nam a2200277 a 4500
003 - CONTROL NUMBER IDENTIFIER
control field AR-BaISA
005 - DATE AND TIME OF LATEST TRANSACTION
control field 20240415121600.0
006 - FIXED-LENGTH DATA ELEMENTS--ADDITIONAL MATERIAL CHARACTERISTICS
fixed length control field a||||fr|||| 001 0
007 - PHYSICAL DESCRIPTION FIXED FIELD--GENERAL INFORMATION
fixed length control field ta
008 - FIXED-LENGTH DATA ELEMENTS--GENERAL INFORMATION
fixed length control field 240415s2000 sp ||||f |||| 001 0 spa d
020 ## - INTERNATIONAL STANDARD BOOK NUMBER
International Standard Book Number 8427709951X
040 ## - CATALOGING SOURCE
Language of cataloging spa
Transcribing agency AR-BaISA
082 04 - DEWEY DECIMAL CLASSIFICATION NUMBER
Edition number 22
Classification number 370.707 23 P843
100 1# - MAIN ENTRY--PERSONAL NAME
9 (RLIN) 3343
Personal name Postic, Marcel
Relator term aut.
245 10 - TITLE STATEMENT
Title Observar las prácticas educativas /
Statement of responsibility, etc. Marcel Postic, Jean-Marie De Ketele
250 ## - EDITION STATEMENT
Edition statement 3ª ed.
260 ## - PUBLICATION, DISTRIBUTION, ETC.
Place of publication, distribution, etc. Madrid:
Name of publisher, distributor, etc. Narcea /
-- De Ediciones,
Date of publication, distribution, etc. 2000
300 ## - PHYSICAL DESCRIPTION
Extent 263 p.
504 ## - BIBLIOGRAPHY, ETC. NOTE
Bibliography, etc. note Bibliografía p.: 241-256
504 ## - BIBLIOGRAPHY, ETC. NOTE
Bibliography, etc. note Índice analítico p.: 261-263
505 ## - FORMATTED CONTENTS NOTE
Title COMPONENTES DE LA OBSERVACIÓN:
-- La observación como proceso --
-- La situación de observador --
-- Una tipología de la observación --
-- METODOLOGÍA DE LA OBSERVACIÓN:
-- Evolución de los métodos de observación --
-- La observación sistemática --
-- La observación experimental --
-- CAMPOS DE APLICACIÓN DE LA OBSERVACIÓN:
-- Observación de las situaciones pedagógicas --
-- La observación de los cambios en educación --
-- Formar a los profesores
650 14 - SUBJECT ADDED ENTRY--TOPICAL TERM
9 (RLIN) 294
Topical term or geographic name entry element Enseñanza
Form subdivision observación
650 14 - SUBJECT ADDED ENTRY--TOPICAL TERM
9 (RLIN) 324
Topical term or geographic name entry element Método de enseñanza
700 ## - ADDED ENTRY--PERSONAL NAME
9 (RLIN) 3344
Personal name De Ketele, Jean-Marie
Relator term aut.
942 ## - ADDED ENTRY ELEMENTS (KOHA)
Source of classification or shelving scheme
Koha item type Libros
Edition 22
Existencias
Withdrawn status Lost status Source of classification or shelving scheme Damaged status Not for loan Permanent Location Current Location Date acquired Inventory number Full call number Barcode Date last seen Copy number Price effective from Koha item type
          Biblioteca ISALUD. Dr. Néstor Rodríguez Campoamor Biblioteca ISALUD. Dr. Néstor Rodríguez Campoamor 2024-04-15 5234 370.707 23 P843 5234 2024-04-15 ej. 1 2024-04-15 Libros